000
00276nam a22001097a 4500
008
170120b xxu||||| |||| 00| 0 eng d
020
_a
9780781761307
041
_a
eng
080
_2
11TH
_a
618.2
245
_a
HANDBOOK OF NURSING DIAGNOSIS
_c
CARPENITO-MOYET. L.J
942
_2
udc
_c
BK
999
_c
3321
_d
3321